00614nam a22002057a 450000500170000001000150001702000270003202000240005903500130008303700130009608200100010910000170011924500600013625000200019626000400021627000620025630000360031850000330035470000210038720160921150016.0 aENG-116066 c1199.00a9789352602988 a9352602986c1199.00 aEN-99598 bDBAD/PUB a005.8 aHarris, Shon aCISSP exam guide /cby Shon Harris [and] Fernando Maymi aseventh edition aNoida bMcGraw Hill Educationc2016 aB-4, Sector - 63, Gautam Budh Nagar, bNoida (UP)e201301 axx, 1339pc25cm(pbk)b b&w ill. aincludes indexs and glossary a Maymi, Fernando